Ekstraklasa 23/24 - Rozpoznaj Herby (zasłonięte nazwy) - Statystyki

Ogólne statystyki
  • Ten quiz został rozwiązany 1 108 razy
  • Średni wynik to 17 z 18
Statystyki odpowiedzi
Obrazkowy Odpowiedź % Poprawnych
Jagiellonia Białystok
98%
Lech Poznań
98%
Legia Warszawa
98%
Ruch Chorzów
98%
Śląsk Wrocław
98%
Górnik Zabrze
97%
ŁKS Łódź
97%
Pogoń Szczecin
97%
Raków Częstochowa
97%
Widzew Łódź
97%
Cracovia
96%
Puszcza Niepołomice
96%
Stal Mielec
96%
Korona Kielce
95%
Piast Gliwice
95%
Radomiak Radom
95%
Warta Poznań
95%
Zagłębie Lubin
93%
Nie znaleziono quizów pasujących do podanych kryteriów
Rozkład punktacji
Procent ludzi z każdym wynikiem
Percentyl według liczby udzielonych odpowiedzi
Twoja historia wyników
Nie rozwiązałeś tego quizu